Tunnista maa metsän perusteella - Statistics

Yleistilastot
  • Tätä visaa on pelattu 42 kertaa
  • Keskiarvotulos 5 / 8
Vastaustilastot
Kuvavisa Vastaus % Oikein
Suomi
100%
Brasilia
63%
Usa
63%
Venäjä
63%
Kiina
61%
Ruotsi
55%
Espanja
45%
Kongo
11%
Ehtoja vastaavia visoja ei löytynyt
Tulosjakauma
Jokaisen tuloksen saaneiden osuus
Persentiili vastausten määrän mukaan
Tuloshistoriasi
Et ole pelannut tätä visaa